=LDR 00000nam 2200000 4500 =001 INLIS000000000004720 =005 20250903103132 =035 ##$$a 0010-0925000017 =007 ta =008 250903################f##########0#ind## =020 ##$$a 979-9184-07-X =082 ##$$a 304.660 =084 ##$$a 304.660 ADI m =100 #$$a Adik Wibowo =245 1#$$a Mutu Pelayanan KB di Propinsi Sumatera Barat dan Sumatera Selatan 1997-1998 : $b Studi Evaluatif dan Monitoring /$c Adik Wibowo, Ambar Wahyuningsih Roestam, Flourisa Juliaan Sudradjat, Maria Anggraeni =260 ##$$a Jakarta :$b Pusat Penelitian dan Pengembangan Biomedis dan Reproduksi Manusia Badan Koordinasi Keluarga Berencana Nasional (BKKBN),$c 1999 =300 ##$$a xi, 103 hlm. : $b ilus. =650 #4$$a Mutu Pelayanan KB =700 #$$a Ambar Wahyuningsih Roestam =700 #$$a Flourisa Juliaan Sudradjat =700 #$$a Maria Anggraeni =651 #4$$a Provinsi Sumatera Barat =651 #4$$a Provinsi Sumatera Selatan